Designing Qualitative Research
| Main Author: | |
|---|---|
| Format: | Unknown |
| Published: |
2021
|
| Edition: | 7th ed. |
| LEADER | 00255 a2200097 4500 | ||
|---|---|---|---|
| 020 | |a 9781071817353 | ||
| 100 | |a Catherine Marshall, Gretchen B Rossman, Gerardo Blanco |9 53904 | ||
| 245 | |a Designing Qualitative Research | ||
| 250 | |a 7th ed. | ||
| 260 | |c 2021 | ||
| 999 | |c 45614 |d 45614 | ||